House maintenance and repairs

Bibliographic Details
Main Author: Tanner, G.C.A
Format: Book
Published: England : Penguin Books Ltd , 1965
Subjects:

MARC

LEADER 00000cam a2200000 7i4500
001 0000008190
005 20220525.0
040 |a INS 
090 0 0 |a TH4817   |b T36 1965 
100 1 |a Tanner, G.C.A 
245 1 0 |a House maintenance and repairs   |c G.C.A Tanner 
260 |a England :   |b Penguin Books Ltd ,   |c 1965 
300 |a 223p. ;   |c 18 cm. 
500 |a Includes index 
650 0 |a Dwellings   |x maintenance and repair 
999 |a 0000021918   |b BOOK   |c Open Shelf   |e Default branch